000 00422nam a2200121Ia 4500
008 160609s9999 xx 000 0 und d
100 _aBates, Marcia J.
245 _aUnderstanding Information Retrieval Systems: Management, Types, and Standards
245 _cBy:Marcia J. Bates
260 _c2012
650 _xDIGITAL INFORMATION AND COMMUNICATION DEVELOPMENT
856 _uhttp://file.ebook777.com/017/9781439891964.pdf
999 _c295743
_d295743